जापान का संविधान / (Record no. 29154)

MARC details
000 -LEADER
fixed length control field 01301nam a22002657a 4500
005 - DATE AND TIME OF LATEST TRANSACTION
control field 20090812104940.0
008 - FIXED-LENGTH DATA ELEMENTS--GENERAL INFORMATION
fixed length control field 090807t xxu||||| |||| 00| 0 hin d
010 ## - LCCN (DPL NO)
LC control number HIN-87701
020 ## - INTERNATIONAL STANDARD BOOK NUMBER
International Standard Book Number 9788179102636
Terms of availability 325.00
035 ## - SYSTEM CONTROL NUMBER
System control number HN-60047
037 ## - SOURCE OF ACQUISITION
Source of stock number/acquisition DBAD / PUB
040 ## - CATALOGING SOURCE
Original cataloging agency dpl
Language of cataloging hn
082 ## - DEWEY DECIMAL CLASSIFICATION NUMBER
Classification number 342.52
100 ## - MAIN ENTRY--PERSONAL NAME
Personal name सिंह, राजबाला
245 ## - TITLE STATEMENT
Title जापान का संविधान /
Statement of responsibility, etc राजबाला सिंह
246 ## - VARYING FORM OF TITLE
Title proper/short title Japan Ka Sanvidhan
Remainder of title by Rajbala Singh
250 ## - EDITION STATEMENT
Remainder of edition statement 2रा संस्क.
260 ## - PUBLICATION, DISTRIBUTION, ETC. (IMPRINT)
Place of publication, distribution, etc जयपुर
Name of publisher, distributor, etc आविष्कार पब्लिशर्स, डिस्ट्रीब्यूटर्स
Date of publication, distribution, etc 2009
270 ## - ADDRESS
Address 807, व्यास बिल्डिंग, चौड़ा रास्ता
City जयपुर
Postal code 302003
Telephone number 2578159
Electronic mail address aavishkarbooks@hotmail.com
Fax number 2578159
300 ## - PHYSICAL DESCRIPTION
Extent 104पृ.
Dimensions 22सेमी (सजिल्द)
650 ## - SUBJECT ADDED ENTRY--TOPICAL TERM
Topical term or geographic name as entry element संविधान
General subdivision भारत
650 ## - SUBJECT ADDED ENTRY--TOPICAL TERM
Topical term or geographic name as entry element Constitution
General subdivision India
942 ## - ADDED ENTRY ELEMENTS (KOHA)
Source of classification or shelving scheme Dewey Decimal Classification
Item type Hindi Books
Call number suffix सिंहरा
Classification part 342.52
Holdings
Withdrawn status Lost status Source of classification or shelving scheme Damaged status Not for loan Home library Current library Date acquired Source of acquisition Cost, normal purchase price Total Checkouts Full call number Barcode Date last seen Copy number Cost, replacement price Koha item type
    Dewey Decimal Classification   Not For Loan D.B.Act.Division D.B.Act.Division 12/08/2009 DBAD / PUB 325.00   342.52 सिंहरा HN-60047 12/08/2009 1 325.00 Hindi Books

© Delhi Public Library
Hit Counter
free hit counter